| 000 | 00795 a2200301 4500 | ||
|---|---|---|---|
| 001 | 24025 | ||
| 003 | TR-AnTOB | ||
| 005 | 20240805165857.0 | ||
| 008 | 050701s2002 tu 00110 tur | ||
| 020 | _a0749923601 | ||
| 035 | _a24025 | ||
| 040 |
_aTR-AnTOB _cTR-AnTOB |
||
| 041 | _aeng | ||
| 050 |
_aBF575.S75 _b.J36 2002 |
||
| 090 | _aBF575.S75 .J36 2002 | ||
| 100 |
_aJames, Judi _915813 |
||
| 245 | 0 |
_aMore time,less stress : _create two extra hours every day /. _cJudi James |
|
| 264 | 1 |
_aLondon : _bPiatkus, _c2002. |
|
| 300 |
_a282 s. ; _c23 cm. |
||
| 500 | _aDizin var. | ||
| 650 | 7 |
_aStres yƶnetimi _2etuturkob _917897 |
|
| 650 | 0 |
_aStress management _93746 |
|
| 650 |
_aTime management _94537 |
||
| 650 |
_aZaman yƶnetimi _914592 |
||
| 902 | _a0012217 | ||
| 942 |
_cBK _2lcc |
||
| 999 |
_c24025 _d15448 |
||